LEADER 01361nam0 22002891i 450 001 UON00414248 005 20231205104753.855 010 $a31-7235-021-5 100 $a20121203d1972 |0itac50 ba 101 $ager 102 $aDE 105 $a|||| ||||| 200 1 $aJohann Georg Hamanns Philologie$eHamanns Philologie zwischen enzyklopädischer Mikrologie und Hermeneutik$fVolker Hoffmann 210 $aStuttgart [etc.]$cVelag W. Kohlhammer$dc1972 215 $a256 p.$d23 cm. 410 1$1001UON00283458$12001 $aStudien zur Poetik und Geschichte der Literatur$fhrsg. von Hans Fromm; Hugo Kuhn; Walter Müller-Seidel; Friedrich Sengle$1210 $aStuttgart [etc.]$cVerlag W. Kohlhammer$d19-$v24 606 $aLetteratura tedesca$xSec. 18.$xStudi$3UONC063770$2FI 620 $aDE$dWiesbaden$3UONL003153 676 $a830.09$cLetteratura tedesca. Storia, descrizione, studi critici$v21 700 1$aHOFFMANN$bVolker$3UONV211619$0709411 712 $aKohlhammer$3UONV246138$4650 801 $aIT$bSOL$c20251003$gRICA 899 $aSIBA - SISTEMA BIBLIOTECARIO DI ATENEO$2UONSI 912 $aUON00414248 950 $aSIBA - SISTEMA BIBLIOTECARIO DI ATENEO$dSI TED 21 II HAM HOF $eSI ST 8158 5 $sBuono 996 $aJohann Georg Hamanns Philologie$91342634 997 $aUNIOR